Quizzes
Events
Quiz Creation
Community
Videos
Private Events
Remove Ads
Sign In
Join for FREE
Feedback
Dark Mode
Quiz Categories
Sports
Geography
Music
Movies
Television
Just For Fun
Miscellaneous
History
Literature
Language
Science
Gaming
Entertainment
Religion
Holiday
For Kids
Quiz Lab
Recent
Popular Today
Quiz Kudos Today
Editor Picks
Curator Picks
Quizzes by...
Day
Popularity
Type
Ratings
Length
Year
Community
Subscriptions
Recent Discussions
Orange Saloon
Badges
Playlists
Quests
Create
Leaderboards
Showdown
Live 5
Trivia Bingo
Activity
Puzzle Library
Sporcle Events
Private Events
Virtual Trivia
Globe League
Become a Host
Pub Owners
SporcleCon
Opinionation
Our Games
Videos
Blog
Mobile Apps
Partnerships
Remove Ads and Go Orange
Feedback
Entertainment
Celebrity
Famous
Musical
Broadway
Show
Quote
Comic Books
Anime
Superhero
DC Comics
Marvel
Cartoons
Animation
Entertainment
Celebrity
Famous
Musical
Broadway
Show
Quote
Comic Books
Anime
Superhero
DC Comics
Marvel
Cartoons
Animation
Random Quiz
Search Sporcle
×
Quiz Lab
Quiz Lab
Entertainment
Company
Type in answers that appear in a list
Type in answers that appear in a list
Classic
Best Score? Go Orange.
Classic Commercial Taglines Stats
Can you name the product these classic taglines endorse?
By
DollarBill
4m
20 Questions
140 Plays
140 Plays
140 Plays
Comments
Comments
Give Quiz Kudos
Give Quiz Kudos
-
- Ratings
hide this ad
Replay
Link that replays current quiz
Next Quiz
Link to next quiz in quiz playlist
You Got
0%
They Got
Avg Score
45%
Avg Friend Score
Upgrade to see
Score Distribution
Jump to the score distribution portion of the page
Score
0/20
Timer
04:00
0
Plays Today
Tagline
Product or Company
% Correct
Just do it.
Nike
85%
Finger-
lickin' good.
Kentucky Fried Chicken
82.1%
Melts in your mouth, not in your hand.
M&Ms Candies
70.7%
Where's the beef.
Wendy's
65%
Let your fingers do the walking.
Yellow Pages
60.7%
Betcha can't eat just one.
Lay's Potato Chips
58.6%
The happiest place on earth.
Disneyland
55%
Kills bugs dead.
Raid
55%
Australian for beer.
Fosters Australian Beer
54.3%
Don't leave home without it.
American Express
53.6%
Tagline
Product or Company
% Correct
Takes a licking and keeps on ticking.
Timex Watches
47.9%
Tastes great, less filling
Miller Lite Beer
42.1%
Get a piece of the rock.
Prudential Insurance
40%
Put a tiger in your tank.
Esso
40%
We bring good things to life.
General Electric
35%
We try harder.
Avis Car Rental
28.6%
Think outside the box.
Apple Computer
11.4%
The toughest job you'll ever love.
U.S. Peace Corps
9.3%
Take it off. Take it all off.
Noxzema Shaving Cream
5.7%
Never let'em see you sweat.
Dry Idea Antiperspirant
3.6%
Quiz Playlist
Details
Report
Send in Message
Add To Playlist
Classic:
Type in answers that appear in a list
Last Updated: Feb 16, 2017
Quiz Scoreboard
CHALLENGE
Sign Up to Join the Scoreboard
Show All
Scores
Hide
Comments
May contain spoilers
Recently Published
Popular People in 1961
by mucciniale
History
6m
1-10 Letter E Words III
by El_Dandy
Language
2m
One Thing in Common: World Cities II
by knightlancer
Geography
7m
More to Explore
Quiz From the Vault
Featured Blog Post
Where Did the Easter Bunny Come From?
hide this ad
You Might Also Like...
Tags
Company Quiz
Nintendo Quiz
classic
Commercial
endorsement
product
Taglines
Today's Top Quizzes in Entertainment
Browse Entertainment
hide this ad
Today's Top Quizzes in Company
Browse Company
Top Contributed Quizzes in Entertainment
1
Kamen Rider Motifs
2
Dragon Ball Z: Mega Character Search
3
Undead Unluck Minefield
4
Dragon Ball Z: Goku's Fights in Order
5
Survivor Winners Logic Quiz
6
Who Wants to Be a Millionaire: Anime Edition
7
10-to-1 Anime Arc Sorting Gallery
8
Criteria Quickie: Cartoon Taxonomy II
9
Ana Gasteyer or Kathryn Hahn?
10
One Piece 11-1
Explore More
Trending Topics
Harry Potter
Disney
Kpop
NBA
Anime
Marvel
Crossword
Soccer
Pokémon
The Office
Puzzle
WWE
Song
Country
NFL
hide this ad
More By:
DollarBill
Quiz
Plays
Rating
Category
Featured
Created
Christmas Movie Quotes
847
4.25
Holiday
Dec 3, 2009
Non Elected Presidents
749
3.50
History
Dec 3, 2009
Jumbled 80's Bands
433
2.60
Music
Apr 18, 2011
80's Movies by Character
310
3.50
Movies
Dec 4, 2009
Presidential Lifespans
254
4.00
History
Dec 4, 2009
Go to Creator's Profile
Score Distribution
Quiz Creator Spotlight
DollarBill
Follow
Send a Message
Quizzes Created
-
Created Quiz Play Count
-
More By This Creator
Popular Quizzes Today
1
Find the US States - No Outlines Minefield
2
The Countries of the World
3
Popular People in 1961
4
Find the Countries of Europe - No Outlines Minefield
5
1-10 Letter E Words III
6
Find the US States
7
One Thing in Common: World Cities II
8
US States
More Entertainment Quizzes
Hybrid Entertainment 5 (Music Edition)
Quiz Lab
Trending Quizzes
Country Music Stars Doing Things
Get the Picture: Carrie or Dolly
1-10 Letter F Words
1-10 Letter G Words
Risky Map Clicking: Next State Alphabetically
Recently Updated
Leaping Animals
pecheneg
Reality TV Shows (A-Z)
bhenderson79
Rickey Henderson's Hall of Fame Teammates
pecheneg
Champions League XIs: Arsenal
pecheneg
Quick Pick: Celebrities in WWE's Hall of Fame
aduchscher
A-Z Keypad Blitz II
pecheneg
Multiple Oscar Actors
pecheneg
Mystery Phrase Blitz: Oscar 'Best Actors'
pecheneg
F. Scott Fitzgerald Novels
LTH
Pick 3 Villains
ddd62291
Trending Topics
NBA
Marvel
Anime
Harry Potter
Crossword
Kpop
Disney
The Office
Soccer
Country
WWE
Pokémon
Puzzle
Song
NFL
Your Account Isn't Verified!
In order to create a playlist on Sporcle, you need to verify the email address you used during registration. Go to your
Sporcle Settings
to finish the process.
Report this User
Report this user for behavior that violates our
Community Guidelines
.
Details:
Send Report
Go to the Sporcle.com Mobile Site →
Comments